| 000 | 00735nam a2200217Ia 4500 | ||
|---|---|---|---|
| 999 |
_c34500 _d34500 |
||
| 003 | GCL | ||
| 005 | 20240530102751.0 | ||
| 008 | 140319s9999 ua 000 0 ara d | ||
| 020 | _a9771631926 | ||
| 040 |
_aGCL / _cGCL |
||
| 082 | 0 | 4 |
_a210/ _bم أ |
| 100 | 0 | _aمحمد رجب البيومى | |
| 245 | 1 | 0 |
_aمن القصص الاسلامى/ _cمحمد رجب البيومى |
| 260 |
_aالقاهرة : _bالمؤسسة العربية الحديثة ، _c1988. |
||
| 300 |
_a2 جزء ؛ _c19 سم. |
||
| 490 | 0 |
_aاسلاميات. مكتبة المسلم العصرية ؛ _v89،93. |
|
| 650 | 0 | 7 |
_2qrmak _aالاسلام |
| 650 | 0 | 7 |
_2qrmak _aالالفاظ |
| 650 | 0 | 7 |
_2qrmak _aالبلاغة فى القران |
| 942 |
_2ddc _cBK |
||